Designing autonomous mobile robots:inside the mind of an intelligent machine. [electronic resource] (Record no. 39784)

MARC details
000 -LEADER
fixed length control field 00677nam a2200169 a 4500
008 - FIXED-LENGTH DATA ELEMENTS--GENERAL INFORMATION
fixed length control field 120222c20049999||||||||||||||||| || u
050 ## - LIBRARY OF CONGRESS CALL NUMBER
Classification number CD/TJ 211 Hol
100 ## - MAIN ENTRY--PERSONAL NAME
Personal name Holland, John
245 10 - TITLE STATEMENT
Title Designing autonomous mobile robots:inside the mind of an intelligent machine. [electronic resource]
Medium [cd-rom]
260 ## - PUBLICATION, DISTRIBUTION, ETC.
Place of publication, distribution, etc. Oxford:
Name of publisher, distributor, etc. Elsevier
Date of publication, distribution, etc. 2004.
300 ## - PHYSICAL DESCRIPTION
Extent 4 3/4 in.
350 ## - PRICE (NR) (BK AM CF MU VM SE) [OBSOLETE]
Price 0.00
500 ## - GENERAL NOTE
General note The CD-ROM is accompanied with a textbook available in the main collection.
650 ## - SUBJECT ADDED ENTRY--TOPICAL TERM
Topical term or geographic name entry element ENGINEERING
650 ## - SUBJECT ADDED ENTRY--TOPICAL TERM
Topical term or geographic name entry element ROBOTS
995 ## - RECOMMENDATION 995 [LOCAL, UNIMARC FRANCE]
-- 0.00
-- CBU-MAIN LIBRARY (Kitwe)
-- 1
-- 0.00
-- 1
-- AVAILABLE
-- Feb 22, 2012
-- e-Media Collection
Holdings
Withdrawn status Lost status Source of classification or shelving scheme Damaged status Not for loan Home library Current library Shelving location Date acquired Total Checkouts Full call number Barcode Date last seen Price effective from Koha item type
          CBU-MAIN LIBRARY, KITWE. CBU-MAIN LIBRARY, KITWE.   11/30/2022   CD/TJ 211 Hol 20141067 11/30/2022 11/30/2022 MONOGRAPH